000 01129cam a2200313 i 4500
999 _c41179
_d41179
001 19016936
003 OSt
005 20210702142753.0
008 160316s2018 at a 001 0 eng
010 _a 2016936077
020 _a9789353502539
040 _aDLC
_beng
_erda
_cDLC
042 _apcc
050 0 0 _aQA372
_b.Z54 2018
082 _a515.35
_bZIL/F
100 1 _aZill, Dennis G.,
_d1940-
_eauthor.
_98631
245 1 2 _aA first course in differential equations with modeling applications /
_cDennis G. Zill, Loyola Marymount University.
250 _a11th edition.
264 1 _aAustralia ;
_aBoston, MA :
_bCengage Learning,
_c[2018]
300 _a1 volume (various pagings) :
_billustrations (chiefly color) ;
_c23 cm
336 _atext
_btxt
_2rdacontent
337 _aunmediated
_bn
_2rdamedia
338 _avolume
_bnc
_2rdacarrier
500 _aIncludes index.
650 0 _aDifferential equations
_vTextbooks.
906 _a7
_bcbc
_corignew
_d2
_eepcn
_f20
_gy-gencatlg
942 _2ddc
_cBK
_h515.35
_iZIL/F
_k515.35
_mZIL/F